Kategorizácia formátov obsahového marketingu na internete

Vizualizácia a charakteristika formátov obsahového marketingu na internete.

Salvato in:
Dettagli Bibliografici
Autore principale: Kuchta, Martin, 1990-
Natura: Capitolo di libro
Lingua:slovacco
Soggetti:
Tags: Aggiungi Tag
Nessun Tag, puoi essere il primo ad aggiungerne!!

MARC

LEADER 00000naa a2200000 4500
001 0260894
005 20240502074134.6
041 0 |a slo 
044 |a SK 
245 1 0 |a Kategorizácia formátov obsahového marketingu na internete  |c Martin Kuchta 
520 |a Vizualizácia a charakteristika formátov obsahového marketingu na internete. 
610 2 0 |a marketing elektronický 
610 2 0 |a internet 
610 2 0 |a grafika počítačová 
610 2 0 |a značky 
100 1 |a Kuchta, Martin, 1990-